Diagnóstico en educación
محفوظ في:
| المؤلف الرئيسي: | |
|---|---|
| التنسيق: | كتاب |
| اللغة: | الإسبانية |
| منشور في: |
Bilbao
Universidad del País Vasco
1996
|
| الموضوعات: | |
| الوسوم: |
إضافة وسم
لا توجد وسوم, كن أول من يضع وسما على هذه التسجيلة!
|
MARC
| LEADER | 00000nam a2200000 a 4500 | ||
|---|---|---|---|
| 001 | UCP4503 | ||
| 003 | CL-VaPUC | ||
| 008 | 990731e19960000SP |||||||||||||||||spa|d | ||
| 082 | 0 | 4 | |a 371.42 |b MAG |2 21 |
| 100 | |a Maganto Mateo, Juana María |e autora |9 432049 | ||
| 245 | 1 | 0 | |a Diagnóstico en educación |
| 300 | |a 181 p | ||
| 942 | |c BK | ||
| 945 | |d 19990731 00:00:00 |a vberengu | ||
| 260 | |a Bilbao |b Universidad del País Vasco |c 1996 | ||
| 650 | 7 | |a DIAGNOSTICO |2 CL-VaPUC |9 269639 | |
| 650 | 0 | |a Métodos de investigación |9 262618 | |
| 650 | 7 | |a ORIENTACION EDUCACIONAL |2 CL-VaPUC |9 312512 | |
| 583 | |a last modification |c 20170531 10:11:38 |k Rodrigo Vera | ||
| 999 | |c 282449 |d 282447 | ||
| 952 | |0 0 |1 0 |4 0 |6 371_420000000000000_MAG_1996 |7 0 |8 A |9 324196 |a BIBEDU |b BIBEDU |d 2019-11-20 |i 3531694 |l 1 |o 371.42 MAG 1996 |p 3531694 |r 2022-05-03 |s 2022-04-13 |w 2019-11-20 |y BK |k BME | ||